000 01463cad a22002535a 4500
001 L153352
008 110715s2011 xxk f 000 0 eng d
035 _a(Sirsi) u153352
041 0 _aeng
110 2 _aCMS Cameron McKenna
_95874
245 0 0 _aConstruction Act changes
_bexclusion order for PFI subcontracts, a missed opportunity?
_h[electronic resource]
260 _aLondon
_bCMS Cameron McKenna LLP
_c2011
490 0 _aLaw-Now Article
520 _aLooks at the changes that Parliament enacted in 2009 to Part II of the Housing Grants, Construction and Regeneration Act 1996 ("the Construction Act"). The changes will apply to construction contracts (as defined) entered into from 1 October 2011 (England and Wales) and 1 November 2011 (Scotland). The effects on PFI and PPP arrangements.
590 _aKA NTK
650 2 4 _aLOCAL DEMOCRACY, ECONOMIC DEVELOPMENT AND CONSTRUCTION ACT 2009
650 2 4 _aHOUSING GRANTS, CONSTRUCTION AND REGENERATION ACT 1996
651 4 _aUnited Kingdom
_y
690 _aBUILT ENVIRONMENT-CONSTRUCTION MARKET
690 _aBUILT ENVIRONMENT-CONSTRUCTION MANAGEMENT-BUILDING CONTRACT ADMINISTRATION
690 _aMANAGEMENT-DISPUTE AVOIDANCE, MANAGEMENT AND RESOLUTION-DISPUTE MANAGEMENT AND RESOLUTION-ALTERNATIVE DISPUTE RESOLUTION-ADJUDICATION
856 4 0 _uhttps://www.law-now.com/cmck/pdfs/nonsecured/ConstructionActExclusionOrder2011.pdf
_zView this item free of charge at www.law-now.com
942 _n0
999 _c112482
_d112482